Mastropiero que nunca /

Guardado en:
Autor Principal: Les Luthiers
Formato: Deslizar
Materias:
Etiquetas: Agregar Etiqueta
Sin Etiquetas, Sea el primero en etiquetar este registro!
LEADER 00679ngm a22002175g 4500
001 CEM.cems021917
008 130507b1993##################0###0#####d
005 20240919172847.0
245 1 0 |a Mastropiero que nunca /  |c Les Luthiers 
300 |a 48 
500 |a En soporte VHS, consultar en ventanilla. 
538 |a Soporte: VHS - Norma: Pal N - Color - Grabación DRD 1993 - Hitachi=2840 
505 0 |a Espectáculo humorístico musical. 
100 1 |a Les Luthiers 
082 7 9 |/ LUT 
653 |a MUSICA 
653 |a TEATROS 
653 |a ESPECTACULOS 
653 |a LES LUTHIERS 
653 |a LUTHIERS, LES 
859 |a CEMS  |b BIB. CEMS - Depto. Recursos Didacticos  |h 790  |i LUT  |k DRD  |p 560.12  |t Ej.1